| 000 | 00627nam a2200229 a 4500 | ||
|---|---|---|---|
| 999 |
_c4128 _d4128 |
||
| 001 | 4128 | ||
| 003 | BD-JhCC | ||
| 005 | 20171125095221.0 | ||
| 008 | 171123s1967 cau |||| |||| 000 0 eng d | ||
| 035 | _a(BD-JhCC)4128 | ||
| 040 |
_aBD-JhCC _dBD-JhCC |
||
| 041 | _aeng | ||
| 082 |
_a428.6 _bROB 1967 |
||
| 100 | _aRoberts, Paul | ||
| 245 |
_aA Linguistics Program : _bBook A / _cPaul Roberts |
||
| 260 |
_aCalifornia : _bCalifornia State Department of Education, _c1967 |
||
| 300 |
_a304 p.; _c24 cm |
||
| 490 | _aThe Roberts English Series | ||
| 650 | _aReaders (elementary) | ||
| 650 | _aEnglish language | ||
| 942 |
_2ddc _cBK |
||